| 000 | 00517nam a2200181 a 4500 | ||
|---|---|---|---|
| 001 | 3093 | ||
| 005 | 20140414132018.0 | ||
| 008 | 060201s19uu xx 00 eng d | ||
| 020 | _a1740471172 | ||
| 050 |
_aTR _bF11 2001 |
||
| 100 | _aWhitting, Sue | ||
| 245 |
_aFavourite things / _cby Sue Whitting ; illustrations by Leonie Worthington. |
||
| 260 |
_aAshford, U.K : _bThe Book Company, _c2001. |
||
| 300 | _ap. : ill. ; cm. | ||
| 440 | _aA Magical Ribbon Book | ||
| 650 |
_aFairies _xFiction. |
||
| 999 |
_c113400 _d113400 |
||